Microbial ecology / (Record no. 12125)
[ view plain ]
| 000 -LEADER | |
|---|---|
| fixed length control field | 00839cam a2200301 4500 |
| 001 - CONTROL NUMBER | |
| control field | 12125 |
| 003 - CONTROL NUMBER IDENTIFIER | |
| rucl marc code | BD-RjUL |
| 005 - DATE AND TIME OF LATEST TRANSACTION | |
| control field | 20211208235235.0 |
| 008 - FIXED-LENGTH DATA ELEMENTS--GENERAL INFORMATION | |
| fixed length control field | 140128s1971 nyuab 00| 0 eng d |
| 020 ## - INTERNATIONAL STANDARD BOOK NUMBER | |
| International Standard Book Number | 0471020540 |
| 035 ## - SYSTEM CONTROL NUMBER | |
| System control number | MITb10232625 |
| System control number | (OCoLC)00125863 |
| System control number | (BD-RjUL)12174 |
| 040 ## - CATALOGING SOURCE | |
| Original cataloging agency | DLC |
| Transcribing agency | DLC |
| Modifying agency | GXM |
| -- | BD-RjUL |
| Language of cataloging | eng |
| 041 ## - LANGUAGE CODE | |
| Language code of text/sound track or separate title | eng |
| 082 0# - DEWEY DECIMAL CLASSIFICATION NUMBER | |
| Classification number | 576.15 |
| Author mark and year | ALM 1971 |
| 099 ## - LOCAL FREE-TEXT CALL NUMBER (OCLC) | |
| Bangla Class number | QR100.A4 |
| 100 1# - MAIN ENTRY--PERSONAL NAME | |
| Personal name | Alexander, Martin, |
| Dates associated with a name | 1930- |
| 9 (RLIN) | 37554 |
| 245 10 - TITLE STATEMENT | |
| Title | Microbial ecology / |
| Statement of responsibility, etc. | By Martin Alexander. |
| 260 ## - PUBLICATION, DISTRIBUTION, ETC. (IMPRINT) | |
| Place of publication, distribution, etc. | New York; |
| -- | london: |
| Name of publisher, distributor, etc. | John Wiley & sons ,inc |
| Date of publication, distribution, etc. | 1971 |
| 300 ## - PHYSICAL DESCRIPTION | |
| Pagination | x, 511 p. |
| Illustrations | illus., maps. |
| Size | 24 cm. |
| 504 ## - BIBLIOGRAPHY, ETC. NOTE | |
| Bibliography, etc | Includes bibliographies. |
| 650 #0 - SUBJECT ADDED ENTRY--TOPICAL TERM | |
| Topical term or geographic name as entry element | Microbial ecology. |
| 9 (RLIN) | 37555 |
| 942 ## - ADDED ENTRY ELEMENTS (KOHA) | |
| Source of classification or shelving scheme | Dewey Decimal Classification |
| Koha item type | Books |
| 949 ## - LOCAL PROCESSING INFORMATION (OCLC) | |
| a | MYGS |
| b | 39080003056121 |
| Lost status | Source of classification or shelving scheme | Damaged status | Not for loan | Collection code | Permanent Location | Current Location | Shelving location | Date acquired | Source of acquisition | Cost, normal purchase price | Total Checkouts | Full call number | Date last seen | Copy number | Koha item type |
|---|---|---|---|---|---|---|---|---|---|---|---|---|---|---|---|
| Dewey Decimal Classification | Not For Loan | Non-fiction | Central Library, University of Rajshahi | Central Library, University of Rajshahi | Reading Room | 11/10/1973 | U.S govt gift | 0.00 | 576.15 ALM 1971 | 28/01/2014 | C-1 | Books |